Острозький культурно-освітній центр і його значення в духовному житті України (Запис № 410798)

МАРК-запис
000 -LEADER
fixed length control field 00959caa a22002417a 4500
001 - CONTROL NUMBER
control field 123637
003 - CONTROL NUMBER IDENTIFIER
control field UA-OsUOA
005 - DATE AND TIME OF LATEST TRANSACTION
control field 20200112121317.0
007 - PHYSICAL DESCRIPTION FIXED FIELD--GENERAL INFORMATION
fixed length control field ta
008 - FIXED-LENGTH DATA ELEMENTS--GENERAL INFORMATION
fixed length control field 20170629b un ||||| |||| 00| 0 ukr d
040 ## - CATALOGING SOURCE
Original cataloging agency UA-OsUOA
Language of cataloging ukr
Transcribing agency UA-OsUOA
Modifying agency UA-OsUOA
041 ## - LANGUAGE CODE
Language code of text/sound track or separate title ukr
080 ## - UNIVERSAL DECIMAL CLASSIFICATION NUMBER
Universal Decimal Classification number 908
090 ## - LOCALLY ASSIGNED LC-TYPE CALL NUMBER (OCLC); LOCAL CALL NUMBER (OCLC)
Classification number (OCLC) (R) ; Classification number, CALL (RLIN) (NR) 908
Local cutter number (OCLC) ; Book number/undivided call number, CALL (RLIN) О-39
100 ## - MAIN ENTRY--PERSONAL NAME
Personal name Огородник І. В.
245 ## - TITLE STATEMENT
Title Острозький культурно-освітній центр і його значення в духовному житті України
Statement of responsibility, etc І. В. Огородник
300 ## - PHYSICAL DESCRIPTION
Extent С. 121–151
650 #7 - SUBJECT ADDED ENTRY--TOPICAL TERM
Topical term or geographic name as entry element 908 Краєзнавство
Source of heading or term UDC
773 0# - HOST ITEM ENTRY
Host Biblionumber 308376
Host Itemnumber 304963
Main entry heading Огородник І.В.
Place, publisher, and date of publication Київ Вища школа, Знання 1999
Other item identifier 62470
Title Історія філософської думки України
Record control number (UA-OsUOA) 22162
International Standard Book Number 5-11-004738-3
942 ## - ADDED ENTRY ELEMENTS (KOHA)
Koha item type Складова частина документа
Source of classification or shelving scheme Universal Decimal Classification
955 ## - COPY-LEVEL INFORMATION (RLIN)
Classification number, CCAL (RLIN) Наукові видання

Немає доступних примірників.